New bread winners: a study on the situation of young working women (Record no. 356742)

000 -LEADER
fixed length control field 00428cam a22001337a 4500
008 - FIXED-LENGTH DATA ELEMENTS--GENERAL INFORMATION
fixed length control field 180718b1976 xxu||||| |||| 00| 0 eng d
082 ## - DEWEY DECIMAL CLASSIFICATION NUMBER
Classification number R16x54 W119
100 ## - MAIN ENTRY--PERSONAL NAME
Personal name Wadhera, Kiron
245 ## - TITLE STATEMENT
Title New bread winners: a study on the situation of young working women
Statement of responsibility, etc. by Kiron Wadhera
260 ## - PUBLICATION, DISTRIBUTION, ETC.
Place of publication, distribution, etc. Delhi
Name of publisher, distributor, etc. Vishwa Yuvak Kendra
Date of publication, distribution, etc. 1976
300 ## - PHYSICAL DESCRIPTION
Extent 377p.
650 ## - SUBJECT ADDED ENTRY--TOPICAL TERM
Topical term or geographic name entry element Women - Legal status - India
650 ## - SUBJECT ADDED ENTRY--TOPICAL TERM
Topical term or geographic name entry element Women - Employment - India
Holdings
Withdrawn status Lost status Damaged status Not for loan Permanent Location Current Location Date acquired Full call number Barcode Date last seen Price effective from Koha item type
        Indian Institute of Public Administration Indian Institute of Public Administration 1994-01-10 R16x54 W119 51274 2018-07-21 2018-07-21 Book

Powered by Koha